[Event "Taastrup Aktiv-Alliancen D"]
[Site "Taastrup"]
[Date "2002.01.27"]
[Round "4"]
[White "Larsen, Vagn Voldbro"]
[Black "Skelbaek, Michael"]
[Result "1-0"]
[WhiteElo "1447"]
[BlackElo "1459"]
[PlyCount "73"]
[EventDate "2002.01.25"]
[EventType "tourn"]
[EventRounds "5"]
[EventCountry "DEN"]
[SourceTitle "EXT 2023"]
[Source "ChessBase"]
[SourceDate "2022.10.05"]
[SourceVersion "1"]
[SourceVersionDate "2022.10.05"]
[SourceQuality "1"]

1. e4 e5 2. Nf3 Nf6 3. Nc3 Nc6 4. Bc4 Bc5 5. 0-0 d6 6. h3 0-0 7. Re1 Na5 8. Bf1 h6 9. Na4 Bb6 10. Nxb6 axb6 11. d4 exd4 12. Nxd4 Re8 13. Qf3 Nc6 14. c3 Ne5 15. Qg3 Ng6 16. Bd3 Ra5 17. f4 Nh5 18. Qf3 Qh4 19. Rf1 Ng3 20. Rd1 Nh5 21. b4 Ra8 22. Ne2 Bd7 23. Be3 Nf6 24. Bf2 Qh5 25. Qe3 Ne7 26. Ng3 Qg6 27. e5 Nfd5 28. Qd2 Qe6 29. c4 Nxf4 30. Qxf4 dxe5 31. Qe4 g6 32. Qe3 Kg7 33. Rf1 Ra3 34. Qd2 Rea8 35. Be3 g5 36. Nh5+ Kg8 37. Rf6 1-0